[Event "Rheinhausen-ch 14th"]
[Site "Duisburg Rheinhausen"]
[Date "2010.02.05"]
[Round "3"]
[White "Hoerle, Jeremiah"]
[Black "Kerkhoff, Johannes"]
[Result "0-1"]
[WhiteElo "885"]
[BlackElo "1546"]
[PlyCount "76"]
[EventDate "2010.01.08"]
[EventType "swiss"]
[EventRounds "7"]
[EventCountry "GER"]
[SourceTitle "EXT 2018"]
[Source "ChessBase"]
[SourceDate "2017.10.13"]
[SourceVersion "1"]
[SourceVersionDate "2017.10.13"]
[SourceQuality "1"]

1. c4 e6 2. Nf3 d5 3. b3 Nd7 4. Bb2 Ngf6 5. g3 c6 6. Bg2 Be7 7. d3 Bb4+ 8. Nbd2 0-0 9. a3 Ba5 10. b4 Bc7 11. 0-0 Re8 12. Qc2 e5 13. e4 d4 14. a4 Nf8 15. b5 Bd7 16. Qb3 Ne6 17. Rfc1 c5 18. Ba3 b6 19. Rab1 h6 20. Re1 Nh7 21. Rbc1 Nhg5 22. Nxg5 Nxg5 23. h4 Nh7 24. Nf3 Qf6 25. Kh2 Bg4 26. Qd1 g5 27. hxg5 Nxg5 28. Rh1 Nxf3+ 29. Bxf3 Bxf3 30. Qg1 Bxh1 31. Qxh1 Qxf2+ 32. Kh3 Qf6 33. Kg2 Kh7 34. Qh3 Rad8 35. Rh1 Rg8 36. Bc1 Rg6 37. g4 Rdg8 38. Kg3 Bd8 0-1